[Event "Oviedo op 8th"]
[Site "Oviedo"]
[Date "2022.07.20"]
[Round "5"]
[White "Garcia Barros, Luis Manuel"]
[Black "Vallina Menendez, Marcos"]
[Result "0-1"]
[WhiteElo "1358"]
[BlackElo "1278"]
[PlyCount "50"]
[EventDate "2022.07.17"]
[EventType "swiss"]
[EventRounds "9"]
[EventCountry "ESP"]
[SourceTitle "CBM 209 Extra"]
[Source "ChessBase"]
[SourceDate "2022.09.30"]
[SourceVersion "1"]
[SourceVersionDate "2022.09.30"]
[SourceQuality "1"]

1. c4 c6 2. d4 d5 3. e3 Nf6 4. h3 Bf5 5. Nc3 e6 6. c5 Nbd7 7. Nf3 b6 8. b4 a5 9. bxa5 bxc5 10. dxc5 Bxc5 11. Nd4 Bxd4 12. exd4 0-0 13. a6 c5 14. Be3 cxd4 15. Bxd4 e5 16. Be3 d4 17. Bxd4 exd4 18. Qxd4 Ne5 19. Ne2 Qxd4 20. Nxd4 Bc8 21. Nb5 Bxa6 22. Nc7 Bxf1 23. Nxa8 Bxg2 24. Ke2 Bxh1 25. Rxh1 Rxa8 0-1

[Event "Oviedo op 8th"]
[Site "Oviedo"]
[Date "2022.07.18"]
[Round "3"]
[White "Garcia Barros, Luis Manuel"]
[Black "Madiedo Alvarez, Iker"]
[Result "0-1"]
[WhiteElo "1358"]
[BlackElo "1054"]
[PlyCount "83"]
[EventDate "2022.07.17"]
[EventType "swiss"]
[EventRounds "9"]
[EventCountry "ESP"]
[SourceTitle "CBM 209 Extra"]
[Source "ChessBase"]
[SourceDate "2022.09.30"]
[SourceVersion "1"]
[SourceVersionDate "2022.09.30"]
[SourceQuality "1"]

1. c4 Nf6 2. Nc3 g6 3. g3 Bg7 4. Bg2 0-0 5. d3 d6 6. e4 e5 7. Nge2 Nc6 8. 0-0 Ne8 9. Rb1 f5 10. f4 fxe4 11. Nxe4 Bg4 12. h3 Bxe2 13. Qxe2 Nd4 14. Qd1 exf4 15. Bxf4 Nf5 16. Kh2 Be5 17. Qd2 Bxf4 18. Qxf4 Neg7 19. Rbe1 Ne6 20. Qd2 Nfd4 21. Rxf8+ Qxf8 22. Rf1 Qxf1 23. Bxf1 Nf3+ 24. Kg2 Nxd2 25. Nxd2 Rf8 26. Nf3 h6 27. h4 Kg7 28. d4 c5 29. dxc5 dxc5 30. Bd3 g5 31. Be4 b6 32. Bd5 Nd4 33. hxg5 Nxf3 34. gxh6+ Kxh6 35. Bxf3 Rd8 36. Bd5 Kg5 37. a3 a5 38. b3 b5 39. a4 b4 40. Kh3 Re8 41. Bf3 Re1 42. Kg2 0-1